Представление документа в формате MARC21

ПолеНазваниеЗначение
  Тип записи a
  Библиографический уровень m
001 Контрольный номер RU\infra-m\znanium\bibl\2224087
005 Дата корректировки 20260429142240.1
008 Кодируемые данные 260122s2025 RU g rus u
020 Индекс ISBN __
a ISBN 978-5-369-01685-5
020 Индекс ISBN __
a ISBN 978-5-16-102388-4 (электр. издание)
020 Индекс ISBN __
a ISBN 978-5-16-012948-8 (ISBN соиздателя)
040 Источник каталогиз. __
a Служба первич. каталог. Общество с ограниченной ответственностью «ЗНАНИУМ»
041 Код языка издания __
a Код языка текста rus
044 Код страны публикации __
a Код страны публикации RU
080 Индекс УДК __
a Индекс УДК 2(075.8)
084 Индекс другой классификации/Индекс ББК __
2 Источник индекса rubbk
a Индекс другой классификации/Индекс ББК 86я73
084 Индекс другой классификации/Индекс ББК __
2 Источник индекса okso
a Индекс другой классификации/Индекс ББК 37.03.01
084 Индекс другой классификации/Индекс ББК __
2 Источник индекса okso
a Индекс другой классификации/Индекс ББК 44.03.05
084 Индекс другой классификации/Индекс ББК __
2 Источник индекса okso
a Индекс другой классификации/Индекс ББК 47.03.01
084 Индекс другой классификации/Индекс ББК __
2 Источник индекса okso
a Индекс другой классификации/Индекс ББК 51.03.01
100 Автор __
a Автор Воденко К.В.
q Полное имя Воденко Константин Викторович
u Дополнение Южный федеральный университет
245 Заглавие __
a Заглавие Основы религиозной культуры и нравственности
b Продолж. заглавия Учебник
c Ответственность Южный федеральный университет; Донской государственный технический университет
250 Сведения об издании __
a Основные сведения об издании 1
260 Выходные данные __
a Место издания Москва
b Издательство Издательский Центр РИОР
c Дата издания 2026
300 Физическое описание __
a Объем 200 с.
440 Серия __
a Серия ВО
520 Аннотация __
a Аннотация В учебнике написанном в соответствии с Федеральным государственным образовательным стандартом подробно раскрываются теоретико-методологические проблемы религиозной культуры и нравственности; соотношение религии и культуры религии и науки религии и искусства. Особое внимание уделено духовно-нравственной проблематике в христианстве нравственным проблемам в русской религиозной философии нравственному содержанию основных традиционных религий России. Анализируются нравственность и глобальные проблемы современности. Книга предназначена для студентов бакалавриата всех направлений подготовки.
521 Примеч. о цел. назн. __
a Примеч. о целев. назн. ВО - Бакалавриат
650 Тематические рубрики __
a Основная рубрика Религия. Теология
x Основная подрубрика Религиоведение
655 Указ. предметных рубрик (устаревшее) __
a Жанр/ форма (устаревшее) Учебник
700 Другие авторы __
a Другие авторы Астапов С. Н.
q Полное имя Астапов Сергей Николаевич
700 Другие авторы __
a Другие авторы Корякин А.А.
700 Другие авторы __
a Другие авторы Матяш Д.В.
700 Другие авторы __
a Другие авторы Мекушкин А.А.
700 Другие авторы __
a Другие авторы Моргачев В.О.
700 Другие авторы __
a Другие авторы Оленич Т.С.
q Полное имя Оленич Тамара Станиславовна
700 Другие авторы __
a Другие авторы Положенкова Е.Ю.
q Полное имя Положенкова Елена Юрьевна
u Дополнение Донской государственный технический университет
700 Другие авторы __
a Другие авторы Финько М.В.
q Полное имя Финько Маргарита Васильевна
700 Другие авторы __
a Другие авторы Швачкина Л.А.
700 Другие авторы __
a Другие авторы Воденко К.В.
q Полное имя Воденко Константин Викторович
u Дополнение Южный федеральный университет
856 Электронный адрес документа 4_
a Имя сервера/домена znanium.ru
m Помощь ebs_support@infra-m.ru
n Местонахождение сервера НИЦ ИНФРА-М
u URL https://znanium.ru/catalog/document?id=470266
856 Электронный адрес документа 48
a Имя сервера/домена znanium.ru
d Путь /cover/2224
f Электронное имя 2224087.jpg
q Тип электронного формата image/jpeg
u URL https://znanium.ru/cover/2224/2224087.jpg
911 __
u 0030=https://znanium.ru/catalog/document?id=470266
911 __
u 712a=Донской государственный технический университет